000 00220nam a2200097Ia 4500
008 240331s9999 xx 000 0 und d
082 _bNAR
100 _aNarayanan,M
245 0 _a90 Galil malligai sirukadeyigal
942 _cL
999 _c4736
_d4736